[Event "4th Grand Prix FFE 2012"]
[Site "Villandry FRA"]
[Date "2012.10.07"]
[Round "2.1"]
[White "Vachier-Lagrave, Maxime"]
[Black "Le Roux, Jean-Pierre"]
[Result "1-0"]
[WhiteTitle "GM"]
[BlackTitle "GM"]
[WhiteElo "2705"]
[BlackElo "2563"]
[WhiteFideId "623539"]
[BlackFideId "609404"]
[EventDate "2012.10.07"]

1. d4 Nf6 2. c4 c6 3. Nc3 d5 4. e3 g6 5. Nf3 Bg7 6. Be2 O-O 7. O-O Qb6 8. b3 Ne4
9. Bb2 Bf5 10. Rc1 Nd7 11. Nxe4 Bxe4 12. Ng5 Nf6 13. Nxe4 Nxe4 14. Bd3 Rfd8 15.
cxd5 cxd5 16. Qc2 Nd6 17. Qc7 e6 18. Qxb6 axb6 19. a4 Rdc8 20. Rxc8+ Rxc8 21.
Ra1 Bf8 22. a5 Ra8 23. axb6 Rxa1+ 24. Bxa1 Nc8 25. Ba6 Nd6 26. Bd3 Nc8 27. Bc3
Nxb6 28. Ba5 Nc8 29. g4 b6 30. Bd2 Bd6 31. f3 Ne7 32. Bb5 f6 33. h3 Kf7 34. Kf2
e5 35. Bd7 f5 36. dxe5 Bxe5 37. Bb4 d4 38. exd4 Bxd4+ 39. Ke2 fxg4 40. fxg4 Nd5
41. Bd2 Be5 42. Kf3 Nf6 43. Bc6 Bd4 44. g5 Nh5 45. Bd5+ Ke7 46. Bb4+ Bc5 47. Bc3
Bd6 48. Bg8 Ng3 49. Bxh7 Nf5 50. Kg4 Nh4 1-0